| 000 | 00457nam a2200181 4500 | ||
|---|---|---|---|
| 003 | SEACOMEC | ||
| 005 | 20241204124252.0 | ||
| 008 | 241204b |||||||| |||| 00| 0 eng d | ||
| 020 |
_a978-0321210265 _c425.00 |
||
| 040 | _aSEACOMEC | ||
| 082 |
_a005.3 _bS696 |
||
| 100 | _a Sommerville, Ian | ||
| 245 |
_aSoftware Engineering: _c/Ian Sommerville |
||
| 250 | _a7th ed | ||
| 260 |
_aDelhi _bPearson Education India _c2008 |
||
| 300 | _a781 p | ||
| 942 | _cBOOK | ||
| 999 |
_c1858 _d1858 |
||